000 00619nam a2200265Ia 4500
005 20260121165129.0
008 008 260114s9999 xx 000 0 eng d
020 _a9781137598011
037 _aEBOOK
040 _aCRL
040 _beng
040 _cCRL
041 _2eng
041 _aeng
084 _qCRL
100 _aTara O
_91047893
245 4 _aThe Collapse of North Korea
260 _bSpringer
260 _bSpringer
260 _c2016
856 _uhttps://link.springer.com/openurl?genre=book&isbn=978-1-137-59801-1
942 _cEBOOK
999 _c1613618
_d1613618